Integrácia v rámci CEFTA je vhodným medzistupňom na ceste do EÚ

Negatíva rozpadu východoeurópskeho trhu - izolovanosť a tvrdá konkurencia krajín. Rozdielne očakávania východnej a západnej Európy. Rýchle členstvo v EÚ a rýchly hospodársky rast sú nereálne. EÚ nie je jednotná v stratégii prijatia nových členov. Výhody a nevýhody západoeurópskeho bloku. CEFTA ako p...

Ausführliche Beschreibung

Gespeichert in:
Bibliographische Detailangaben
1. Verfasser: Staněk, Peter
Weitere Verfasser: Černá, J.
Format: Buchkapitel
Sprache:Slowakisch
Schlagworte:
Tags: Tag hinzufügen
Keine Tags, Fügen Sie das erste Tag hinzu!

MARC

LEADER 00000naa a2200000 4500
001 r020117
005 20230921074320.2
041 0 |a slo 
044 |a SK 
245 1 0 |a Integrácia v rámci CEFTA je vhodným medzistupňom na ceste do EÚ  |c P. Stanek, J. Černá 
520 |a Negatíva rozpadu východoeurópskeho trhu - izolovanosť a tvrdá konkurencia krajín. Rozdielne očakávania východnej a západnej Európy. Rýchle členstvo v EÚ a rýchly hospodársky rast sú nereálne. EÚ nie je jednotná v stratégii prijatia nových členov. Výhody a nevýhody západoeurópskeho bloku. CEFTA ako prechodný stupeň vstupu do EÚ je ekonomicky výhodným riešením. 
610 2 0 |a CEFTA 
610 2 0 |a Európska únia 
610 2 0 |a integrácia ekonomická medzinárodná 
610 2 0 |a východná Európa 
100 1 |a Staněk, Peter 
700 1 |a Černá, J.